Statistiken für Remscheider Stadtteile

Klicken Sie hier um das Quiz zu spielen!

Allgemein

  • Dieses Quiz wurde 13 mal gespielt
  • Das Durchschnittsergebnis liegt bei 5 aus 50

Antwortstatistiken

EinwohnerStadtteil% Korrekt
2.163Altstadt
40%
2.514Hackenberg
40%
4.365Hasenberg
40%
1.527Ehringhausen
30%
4.274Klausen
30%
2.620Mitte
30%
2.410Honsberg
20%
1.077Lennep Altstadt
20%
1.009Morsbach
20%
2.606Vieringhausen
20%
6.141Zentralpunkt
20%
3.246Bliedinghausen
10%
398Engelsburg
10%
396Grenzwall
10%
3.349Haddenbach
10%
2.683Hölterfeld
10%
3.635Kremenholl
10%
2.606Lennep Nord
10%
1.058Lennep West
10%
1.808Lüttringhausen Mitte
10%
3.362Reinshagen
10%
3.148Stadtpark
10%
2.349Struck
10%
2.306Stursberg
10%
882Westhausen
10%
702Bergisch Born Ost
0%
775Bergisch Born West
0%
1.248Blumental
0%
638Bökerhöhe
0%
1.519Dörrenberg
0%
699Falkenberg
0%
3.489Fichtenhöhe
0%
227Garschagen
0%
1.124Goldenberg
0%
1.209Großhülsberg
0%
1.928Hasten Mitte
0%
3.250Henkelshof
0%
2.051Kratzberg
0%
3.281Lennep Neustadt
0%
1.399Lüttringhausen West
0%
3.282Mixsiepen
0%
2.268Neuenkamp
0%
4.462Nordstadt
0%
4.371Scheid
0%
2.648Schmittenbusch
0%
2.337Schöne Aussicht
0%
4.334Stachelhausen
0%
2.335Stadtgarten
0%
1.170Trecknase
0%
888Wüstenhagen
0%

Verteilung der Resultate

Perzentil nach korrekt beantworteten Fragen

Anzahl Personen mit jedem Resultat

Ihre Resultats-Entwicklung

Sie haben dieses Quiz noch nicht gespielt